|
|
|
|
| LEADER |
00000nam a2200000Ii 4500 |
| 001 |
DIGMARGE0030 |
| 003 |
NyNyDIG |
| 008 |
230421s2011 sp a o 001 0 spa d |
| 006 |
m o d |
| 007 |
cr ||||||||||| |
| 035 |
|
|
|a (OCoLC)1377521931
|
| 040 |
|
|
|a DGITA
|b eng
|e rda
|e pn
|c DGITA
|
| 020 |
|
|
|a 9788416171378
|q eBook
|
| 020 |
|
|
|z 9788415340126
|
| 041 |
1 |
|
|a spa
|a eng
|
| 043 |
|
|
|a e-sp---
|
| 050 |
1 |
4 |
|a HE4899.B35 ebook
|
| 100 |
1 |
|
|a Badenas, Víctor,
|e author.
|
| 245 |
1 |
0 |
|a Cataluña logística :
|b Cataluña en la cadena logística global /
|c Víctor Badenas, Judith Contel, Daniel Venteo ; dirección editorial de Josep Margalef ; prólogo de Artur Mas.
|
| 264 |
|
1 |
|a Sabadell (Barcelona) :
|b Marge Books,
|c [2011]
|
| 300 |
|
|
|a 1 online resource :
|b illustrations.
|
| 336 |
|
|
|a text
|b txt
|2 rdacontent
|
| 337 |
|
|
|a computer
|b c
|2 rdamedia
|
| 338 |
|
|
|a online resource
|b cr
|2 rdacarrier
|
| 347 |
|
|
|a text file
|2 rdaft
|
| 347 |
|
|
|b EPUB
|
| 500 |
|
|
|a Includes index.
|
| 546 |
|
|
|a Text in Spanish and English.
|
| 588 |
0 |
|
|a Online resource; title from ePub title page (Digitalia, viewed April 21, 2023)
|
| 650 |
|
0 |
|a Transportation
|z Spain
|z Catalonia.
|
| 650 |
|
0 |
|a Logistics, Naval.
|
| 650 |
|
0 |
|a Business logistics
|x Management.
|
| 700 |
1 |
|
|a Contel, Judith,
|e author.
|
| 700 |
1 |
|
|a Venteo, Daniel,
|e author.
|
| 700 |
1 |
|
|a Margalef, Josep,
|e editor.
|
| 700 |
1 |
|
|a Mas, Artur,
|d 1956-
|e contributor agent of text.
|
| 791 |
2 |
|
|a Digitalia (Firm),
|e distributor.
|
| 793 |
0 |
|
|g Digitalia eBook Collection:
|a Marge Books
|
| 776 |
0 |
8 |
|i Print version:
|a Badenas, Víctor.
|t Cataluña logística.
|b 1a edición.
|d Sabadell (Barcelona) : Marge Books, [2011]
|z 9788415340126
|
| 830 |
|
0 |
|a Biblioteca de logística.
|
| 856 |
4 |
0 |
|3 Digitalia Hispánica
|u https://www.digitaliapublishing.com/a/125870/
|
| 910 |
|
|
|a Premium collection: 2023
|